Taylor Swift - Devine la chanson sans indices #51 - Statistiques

Statistiques générales
  • Ce quiz a été pris 249 fois
  • Le résultat moyen est 176 sur 297
Statistiques - réponses
Réponse % Correct
I
100%
a
98%
you
96%
Oh,
95%
the
95%
it
90%
me,
90%
your
88%
my
87%
to
86%
To
86%
is
85%
be
82%
love
81%
in
80%
In
80%
on
80%
And
79%
and
79%
so
79%
was
79%
Was
79%
When
79%
like
77%
Like
77%
you're
76%
of
75%
That
75%
that
75%
go
73%
they
73%
all
72%
it's
72%
no
72%
But
71%
know
69%
never
69%
him
67%
I'd
64%
could
63%
ever
61%
there
60%
head
59%
red
59%
down
57%
Loving
57%
loving
57%
why
56%
blue,
55%
'Cause
55%
as
53%
see
53%
just
52%
dark
51%
from
51%
gray,
51%
with
51%
alone
50%
time
50%
new
49%
His
48%
now
48%
street
48%
Burning
47%
burning
47%
Burning,
47%
dead
47%
driving
47%
end
47%
he's
47%
met
47%
Missing
46%
known
45%
Somebody
45%
Yeah,
45%
yeah,
45%
yeah
45%
right
44%
trying
44%
out
43%
Maserati
41%
that's
41%
Forgetting
40%
front
40%
Losing
40%
losing
40%
Tell
40%
wanted
40%
let
39%
back
38%
than
38%
still
37%
there's
36%
free
33%
before
32%
comes
32%
Comes
32%
sin,
32%
song
32%
answer
31%
gotta
30%
mind
30%
echoes
29%
favorite
29%
flashbacks
29%
impossible
29%
lose
28%
moving
28%
wind,
28%
Faster
26%
myself
26%
suddenly
26%
easy
25%
fall
25%
knowing
25%
Remembering
25%
'round
25%
bright,
24%
ending
24%
old
24%
strong
24%
colors
23%
words
23%
found
22%
already
21%
change
21%
Fighting
21%
Once
21%
passionate
21%
realizing
21%
autumn,
20%
through
20%
Touching
20%
solve
18%
crossword
17%
wishing
16%
Memorizing
15%
spinning
15%
flying
13%
Regretting
13%
Aucun quiz correspondant
Distribution des résultats
% des personnes avec chaque résultat
Percentile par nombre de réponses
Votre historique - résultats
Vous n’avez pas pris ce quiz